Report of the court of enquiry (Record no. 420535)

000 -LEADER
fixed length control field 00264cam a22000977a 4500
008 - FIXED-LENGTH DATA ELEMENTS--GENERAL INFORMATION
fixed length control field 180718b1939 xxu||||| |||| 00| 0 eng d
082 ## - DEWEY DECIMAL CLASSIFICATION NUMBER
Classification number R6x5411 As72 c.2
245 ## - TITLE STATEMENT
Title Report of the court of enquiry
260 ## - PUBLICATION, DISTRIBUTION, ETC.
Place of publication, distribution, etc. Shillong
Name of publisher, distributor, etc. Assam Government Press
Date of publication, distribution, etc. 1939
300 ## - PHYSICAL DESCRIPTION
Extent 55p
Holdings
Withdrawn status Lost status Damaged status Not for loan Permanent Location Current Location Date acquired Full call number Barcode Date last seen Price effective from Koha item type
        Indian Institute of Public Administration Indian Institute of Public Administration 2009-07-16 R6x5411 As72 c.2 26814 2018-07-21 2018-07-21 Book

Powered by Koha